000 00761cam a2200229 4500
001 ABS62754
008 000000n2000 000 0 eng u
035 _a(Sirsi) u107854
100 _aRyan, J.
245 _aChanging the terms of the lease
260 _c2000
490 _aRetail Week
_v28 July 2000, 26-27(2)
520 _aLooks at the alternatives to the traditional upwards-only lease. Retailers in particular are reluctant to commit themselves to 25-year terms and are starting to demand more flexibility in their lease agreements.
590 _aABS
650 _aRETAILERS
650 _aCOMMERCIAL LEASES
650 _aRENT REVIEWS
650 _aLONG LEASES
650 _aLEASE TERMS
690 _aLANDLORD AND TENANT-LEASES
942 _n0
999 _c64427
_d64427